Clubs Austrian Bundesliga 2021/22 - Statistics

General Stats
  • This quiz has been taken 81 times
  • The average score is 9 of 12
Answer Stats
Clubs 2021/21 % Correct
Red Bull Salzburg
100%
SK Rapid Wien
97%
FK Austria Wien
96%
SK Sturm Graz
91%
LASK
89%
Wolfsberger AC
77%
TSV Hartberg
69%
SCR Altach
68%
SV Ried
64%
WSG Tirol
62%
SK Austria Klagenfurt
61%
FC Admira Wacker Mödling
58%
No matching quizzes found
Score Distribution
Percent of People with Each Score
Percentile by Number Answered
Your Score History
You have not taken this quiz